| Registos Bibliográficos associados ao registo de autoridade |
|
Etiqueta de registo: 00000nam 2200025 450 001 2289560 003 http://id.bnportugal.gov.pt/bib/catbnp/2289560 100 ## $a20260703d2026 k y0pory01030103ba 101 0# $apor$deng 102 ## $aPT 105 ## $aa m 000yy 106 ## $ar 200 1# $aPrática pedagógica e educação para o desenvolvimento sustentável na formação inicial
de professores de Química em Angola$fDomingas da Anunciação Madalena Calovela Rodrigues$gorient. Ana Isabel de Oliveira Andrade, Nilza Maria Vilhena Nunes da Costa 210 #9 $aAveiro$c[s.n.],$d2026 215 ## $a[14] f., 404 p.$cil.$d30 cm 328 #1 $aTese dout. Educação, Universidade de Aveiro, 2026 700 #1 $aRodrigues,$bDomingas da Anunciação Madalena Calovela$32002605 702 #1 $aAndrade,$bAna Isabel de Oliveira$4727$375420 702 #1 $aCosta,$bNilza Maria Vilhena Nunes da$4727$31407301 801 #0 $aPT$bBN$gRPC 966 ## $lBN$mFGMON$x1 971 ## $corlando$d20260703
|
|
|